000 00485nam a2200181Ia 4500
005 20250508162324.0
008 008 250505s9999 xx 000 0 eng d
037 _aTextual
040 _aFEDL
_beng
_cFEDL
041 _aeng
_2eng
084 _a507, PIL
_qFEDL
100 _aPiltz Albert
245 0 _aCreative teaching of science in elementary school
300 _ax,308p
700 _a Sund Robert
_9772857
942 _cTEXL
_h507, PIL
999 _c1375831
_d1375831